<?xml version="1.0" encoding="UTF-8" ?>
<collection xmlns="http://www.loc.gov/MARC21/slim"><record><leader>01203nam a2200289   4500</leader><controlfield tag="001">231041</controlfield><controlfield tag="003">CH-000273-5</controlfield><controlfield tag="005">20250811115359.0</controlfield><datafield tag="020" ind1=" " ind2=" "><subfield code="a">978-3-9525344-3-4</subfield></datafield><datafield tag="040" ind1=" " ind2=" "><subfield code="a">CH-000273-5</subfield><subfield code="b">ger</subfield><subfield code="e">rda</subfield></datafield><datafield tag="041" ind1="0" ind2=" "><subfield code="a">ger</subfield></datafield><datafield tag="245" ind1="0" ind2="0"><subfield code="a">El Lissitzky in der Schweiz 1924-25, Hans Arp, die Kunstismen</subfield><subfield code="c">herausgegeben von Mario Lüscher und Simona Martinoli</subfield></datafield><datafield tag="246" ind1="1" ind2="3"><subfield code="i">Ausstellungstitel</subfield><subfield code="a">Lissitzky, Arp und die Kunstismen, 1925</subfield></datafield><datafield tag="264" ind1=" " ind2="1"><subfield code="a">Winterthur</subfield><subfield code="b">Edition Tincatinca</subfield><subfield code="c">[2025]</subfield></datafield><datafield tag="300" ind1=" " ind2=" "><subfield code="a">XV Seiten, 113 ungezählte Seiten</subfield><subfield code="c">18 cm</subfield></datafield><datafield tag="336" ind1=" " ind2=" "><subfield code="a">Text</subfield><subfield code="b">txt</subfield><subfield code="2">rdacontent</subfield></datafield><datafield tag="336" ind1=" " ind2=" "><subfield code="a">unbewegtes Bild</subfield><subfield code="b">sti</subfield><subfield code="2">rdacontent</subfield></datafield><datafield tag="337" ind1=" " ind2=" "><subfield code="a">ohne Hilfsmittel zu benutzen</subfield><subfield code="b">n</subfield><subfield code="2">rdamedia</subfield></datafield><datafield tag="338" ind1=" " ind2=" "><subfield code="a">Band</subfield><subfield code="b">nc</subfield><subfield code="2">rdacarrier</subfield></datafield><datafield tag="600" ind1="1" ind2="7"><subfield code="a">Lisickij, Lazarʹ Markovič</subfield><subfield code="d">1890-1941</subfield><subfield code="y">Geschichte 1924-1925</subfield><subfield code="2">gnd</subfield></datafield><datafield tag="600" ind1="1" ind2="7"><subfield code="a">Arp, Hans</subfield><subfield code="d">1887-1966</subfield><subfield code="y">Geschichte 1924-1925</subfield><subfield code="2">gnd</subfield></datafield><datafield tag="655" ind1=" " ind2="7"><subfield code="a">Ausstellungskatalog</subfield><subfield code="x">Fondazione Marguerite Arp</subfield><subfield code="y">20.04.2025-02.11.2025</subfield><subfield code="z">Locarno</subfield><subfield code="2">gnd-content</subfield></datafield><datafield tag="655" ind1=" " ind2="7"><subfield code="a">Bildband</subfield><subfield code="2">gnd-content</subfield></datafield><datafield tag="700" ind1="1" ind2=" "><subfield code="a">Lüscher, Mario</subfield><subfield code="d">1976-</subfield><subfield code="e">Herausgeber</subfield><subfield code="4">edt</subfield></datafield><datafield tag="700" ind1="1" ind2=" "><subfield code="a">Martinoli, Simona</subfield><subfield code="d">1964-</subfield><subfield code="e">Herausgeber</subfield><subfield code="4">edt</subfield></datafield><datafield tag="710" ind1="2" ind2=" "><subfield code="a">Fondazione Marguerite Arp</subfield><subfield code="e">Veranstalter</subfield><subfield code="4">orm</subfield></datafield><datafield tag="852" ind1="4" ind2=" "><subfield code="a">CH-000273-5</subfield><subfield code="c">BD 2025/0144</subfield></datafield></record></collection>